Derecho a la vida privada y libertad de información: un conflicto de derechos
Saved in:
| Hovedforfatter: | |
|---|---|
| Format: | Bog |
| Sprog: | spansk |
| Udgivet: |
Ciudad de México
Siglo Veintiuno
1981
|
| Udgivelse: | 2a. ed |
| Serier: | Nueva Criminología
|
| Fag: | |
| Tags: |
Tilføj Tag
Ingen Tags, Vær først til at tagge denne postø!
|
MARC
| LEADER | 00000nam a2200000 a 4500 | ||
|---|---|---|---|
| 001 | UCS9780 | ||
| 003 | CL-VaPUC | ||
| 008 | 971121e19810000MX |||||||||||||||||spa|d | ||
| 082 | 0 | 4 | |a 323.44 |b NOV |2 21 |
| 100 | |a Novoa Monreal, Eduardo |e autor |9 499707 | ||
| 245 | 1 | 0 | |a Derecho a la vida privada y libertad de información: un conflicto de derechos |
| 250 | |a 2a. ed | ||
| 300 | |a 224 p | ||
| 942 | |c BK | ||
| 945 | |d 19971121 00:00:00 |a cmena | ||
| 260 | |a Ciudad de México |b Siglo Veintiuno |c 1981 | ||
| 650 | 0 | |a Derechos civiles |9 255655 | |
| 650 | 0 | |a Derechos humanos |9 223025 | |
| 650 | 0 | |a Derecho a la intimidad |9 256183 | |
| 650 | 0 | |a Voluntad |9 307812 | |
| 650 | 7 | |a LIBERTAD Y DERECHO |2 CL-VaPUC |9 395049 | |
| 650 | 0 | |a Normas jurídicas |9 258310 | |
| 650 | 0 | |a Periodismo |9 310113 | |
| 650 | 0 | |a Libertad individual |9 352859 | |
| 650 | 0 | |a Libertad de información |9 257205 | |
| 650 | 7 | |a MEDIDAS DE COERCION |2 CL-VaPUC |9 395087 | |
| 583 | |a last modification |c 19971121 00:00:00 |k Rodrigo Vera | ||
| 490 | 0 | |a Nueva Criminología | |
| 999 | |c 263540 |d 263538 | ||
| 952 | |0 0 |1 0 |4 0 |6 323_440000000000000_NOV_1981 |7 0 |8 DER_TF |9 292872 |a BIBDER |b BIBDER |d 2019-11-19 |i 1906631 |l 2 |m 1 |o 323.44 NOV 1981 |p 1906631 |r 2023-01-25 |s 2022-04-26 |w 2019-11-19 |x Ubicación 4to Piso |y BK |z Estos recursos deben solicitarse con anticipación |k DER | ||